1221 1032 1577 1560 1373 1011 1065 1909 1925 1995 1846 1332 1296 1653 1455 1539 1305 1152 1526 1935 1183 1125 1004 1331 1149 1935 1956 1220 1066 1943 1478 1199 1052 1665 1064 1478 1546 1496 1638 1481 1152 1783 1683 1359 1878 1272 1782 1138 1824 1413 1404 1135 1494 1501 1459 1920 1397 1719 1707 1831 1378 1940 1575 1996 1882 1286 1298 1235 1053 1926 1717 1124 1548 1194 1921 1839 1126 1459 1857 1099 1863 1024 1807 1954 1996 1374 1724 1827 1340 1527 1044 1559 1144 1873 1473 1739 1357 1496 1023 BCNSPRNW ULIB Ver.6.0+V

เปลี่ยนเป็นภาษาไทย

Change to English
 แสดงรายละเอียดบรรณานุกรม
  กลับหน้าหลัก

Brief Record : Get Marc (ISO 2709) : E-mail record : QR code < ปิดหน้าต่าง
LEADER : 00000nam 2200000uu 4500
001    13399113465
003     ULIB
008    111121s2553||||th 000 0 tha d
020    ^a9786167190464
090    ^aนว.^bร165บ 2553
100 0  ^aรวีปรียา
245 00 ^aบ่วงพิศวาส/^cรวิปรียา
250    ^aพิมพ์ครั้งที่ 1
260    ^aกรุงเทพฯ :^bอินเลิฟ,^c2553
300    ^a218 หน้า
710 1  ^aอินเลิฟ
945    ^p129^l0^i17072
995    ^aกัณชพร
999    ^aใช้งานได้ทุกระบบ
รายการนี้ยังไม่มีแท็ก
คุณยังไม่ได้ล็อกอิน คุณสามารถมีกิจกรรมร่วมกับเว็บไซต์ได้ แต่ต้องล็อกอินก่อน ::
  ล็อกอิน

รายการสื่อสารสนเทศ

ลำดับที่ ประเภท เลขเรียก/บาร์โค้ด สถานที่ สถานะ
1. นวนิยาย
นวนิยาย
นว. ร165บ 2553  
  Barcode: 17072
ห้องสมุดวิทยาเขตสวรรค์ประชารักษ์
►นวนิยาย
บนชั้น
  ขอยืม

BibComment


ยังไม่เคยถูกคอมเมนท์

คอมเมนท์ทรัพยากรรายการนี้
  คอมเมนท์: บ่วงพิศวาส รวิปร..


 Copyright 2026. Bcnsprnw @Library